The political element in the development of economic theory / (Record no. 42457)
[ view plain ]
| 000 -LEADER | |
|---|---|
| fixed length control field | 01084nam a2200277 a 4500 |
| 001 - CONTROL NUMBER | |
| control field | 42457 |
| 003 - CONTROL NUMBER IDENTIFIER | |
| rucl marc code | BD-RjUL |
| 005 - DATE AND TIME OF LATEST TRANSACTION | |
| control field | 20211209053538.0 |
| 008 - FIXED-LENGTH DATA ELEMENTS--GENERAL INFORMATION | |
| fixed length control field | 851119r19651953enk 001 0 eng d |
| 035 ## - SYSTEM CONTROL NUMBER | |
| System control number | (BD-RjUL)42575 |
| System control number | 712501 |
| 040 ## - CATALOGING SOURCE | |
| Original cataloging agency | APLS |
| Language of cataloging | eng |
| Transcribing agency | APLS |
| Modifying agency | VDU |
| 041 ## - LANGUAGE CODE | |
| Language code of text/sound track or separate title | eng |
| 082 ## - DEWEY DECIMAL CLASSIFICATION NUMBER | |
| Edition number | 22 |
| Classification number | 330.1932 |
| Author mark and year | MYP 1953-1965 |
| 100 1# - MAIN ENTRY--PERSONAL NAME | |
| Personal name | Myrdal, Gunnar, |
| Dates associated with a name | 1898- |
| 9 (RLIN) | 130604 |
| 245 14 - TITLE STATEMENT | |
| Title | The political element in the development of economic theory / |
| Statement of responsibility, etc. | by Gunnar Myrdal ; translated from the German by Paul Streeten. |
| 260 ## - PUBLICATION, DISTRIBUTION, ETC. (IMPRINT) | |
| Place of publication, distribution, etc. | London : |
| Name of publisher, distributor, etc. | Routledge & Kegan Paul, |
| Date of publication, distribution, etc. | 1953 [ Impression 1955-1965] |
| 300 ## - PHYSICAL DESCRIPTION | |
| Pagination | xvii, 248 p. ; |
| Size | 23 cm. |
| 500 ## - GENERAL NOTE | |
| General note | Originally published in Swedish under title: Vetenskap och politik i nationalekonomien. |
| General note | Bibliographical references included in "Notes" (p. 218-241). and index |
| 650 #0 - SUBJECT ADDED ENTRY--TOPICAL TERM | |
| Topical term or geographic name as entry element | Economic policy. |
| 9 (RLIN) | 130605 |
| Topical term or geographic name as entry element | Economics, Theoretical. |
| 9 (RLIN) | 130606 |
| 942 ## - ADDED ENTRY ELEMENTS (KOHA) | |
| Source of classification or shelving scheme | Dewey Decimal Classification |
| Koha item type | Books |
| Lost status | Source of classification or shelving scheme | Damaged status | Not for loan | Collection code | Permanent Location | Current Location | Shelving location | Date acquired | Source of acquisition | Cost, normal purchase price | Total Checkouts | Full call number | Date last seen | Copy number | Koha item type |
|---|---|---|---|---|---|---|---|---|---|---|---|---|---|---|---|
| Dewey Decimal Classification | Not For Loan | Non-fiction | Central Library, University of Rajshahi | Central Library, University of Rajshahi | Reading Room | 26/06/1973 | Euro Bangladesh news Agency | 66.00 | 330.1932 MYP 1965 | 13/06/2016 | C-1 | Books | |||
| Dewey Decimal Classification | Non-fiction | Central Library, University of Rajshahi | Central Library, University of Rajshahi | 26/06/1973 | Euro Bangladesh news Agency | 66.00 | 330.1932 MYP 1965 | 13/06/2016 | C-2 | Books | |||||
| Dewey Decimal Classification | Non-fiction | Central Library, University of Rajshahi | Central Library, University of Rajshahi | 09/05/1967 | American B+S Agency | 78.75 | 330.1932 MYP 1965 | 13/06/2016 | C-3 | Books | |||||
| Dewey Decimal Classification | Non-fiction | Central Library, University of Rajshahi | Central Library, University of Rajshahi | 23/06/1965 | Eureka book Agency, Rajshahi | 18.75 | 330.1932 MYP 1965 | 13/06/2016 | C-4 | Books | |||||
| Dewey Decimal Classification | Non-fiction | Central Library, University of Rajshahi | Central Library, University of Rajshahi | 23/06/1965 | Sweets ana Zait. | 25.00 | 330.1932 MYP 1965 | 13/06/2016 | C-5 | Books | |||||
| Dewey Decimal Classification | Non-fiction | Central Library, University of Rajshahi | Central Library, University of Rajshahi | 23/10/1962 | Sweets ana Zait. | 25.00 | 330.1932 MYP 1955 | 13/06/2016 | C-6 | Books | |||||
| Dewey Decimal Classification | Non-fiction | Central Library, University of Rajshahi | Central Library, University of Rajshahi | 23/10/1962 | Sweets ana Zait. | 25.00 | 330.1932 MYP 1955 | 13/06/2016 | C-7 | Books | |||||
| Dewey Decimal Classification | Non-fiction | Central Library, University of Rajshahi | Central Library, University of Rajshahi | 23/10/1962 | Sweets ana Zait. | 25.00 | 330.1932 MYP 1955 | 13/06/2016 | C-8 | Books | |||||
| Dewey Decimal Classification | Non-fiction | Central Library, University of Rajshahi | Central Library, University of Rajshahi | 26/11/1957 | Pok. American commercial | 18.12 | 330.1932 MYP 1955 | 13/06/2016 | C-9 | Books | |||||
| Dewey Decimal Classification | Non-fiction | Central Library, University of Rajshahi | Central Library, University of Rajshahi | 23/10/1962 | Zeitlinger | 25.00 | 330.1932 MYP 1955 | 13/06/2016 | C-10 | Books |